00509nam a2200193 a 4500001001300000003000900013005001700022008004100039020002200080082001600102100001700118245006200135260002500197300000900222500003500231505001000266650002200276700001700298nice12345678IN_TiNIC20260116013307.0080410s1995 dela grp 000 0 eng  a8172142358 c8000a269.2bRIC2 aRichard, H L aR.C.Dasb Evangelical Prophet for Contextual Christianity aDelhi bISPCK c1995 a302p aincludes index and biblioraphy2 aIndex aEvangelistic Work1 aRichard, H L